002680000a2200073000450024500940000004100130009410000220010777300650012910aFirst record of Sturnira mordax from Colombia with range extensions for other bat species0 aInglés1 aAlberico, Michael1 tTrianeakActa Científica y Tecnológicah5q335-341d1994